| 000 | 00978nam a22002537a 4500 | ||
|---|---|---|---|
| 999 |
_c4188 _d4188 |
||
| 003 | AR-CdUCM | ||
| 008 | 190308b ||||| |||| 00| 0 spa d | ||
| 040 |
_aMUNICIPALIDAD PROVINCIAL DEL CUSCO _cBIBLIOTECA MUNICIPAL DEL CUSCO |
||
| 041 | _heng | ||
| 082 |
_a780.97 / _bH59 |
||
| 100 |
_aHitchcock, H. Wiley _913275 |
||
| 245 |
_aLa música en los Estados Unidos : _buna introducción a su historia / |
||
| 260 |
_aBuenos Aires : _bVíctor Leru, _c1969. |
||
| 300 |
_a328 paginas ; _b20 cm. |
||
| 440 |
_aLa música y los músicos _913276 |
||
| 500 | _aDonación de la familia Nieto | ||
| 505 | _aLa música sacra en nueva Inglaterra y otras colonias -- La música en los centros urbanos -- La tradición culta y la vernácula y el choque del romanticismo -- Tradición vernácula ... | ||
| 650 |
_aMúsica _91443 |
||
| 650 |
_aEstados Unidos _91805 |
||
| 650 |
_aHistoria y crítica _95993 |
||
| 700 |
_aHuseby, Gerardo V. _913277 |
||
| 942 |
_2ddc _cLIBROS |
||
| 945 | _aacv | ||